Freitag der 13. - Filmreihe - Statistiken

Allgemein
  • Dieses Quiz wurde 21 mal gespielt
  • Das Durchschnittsergebnis liegt bei 7 aus 12
Antwortstatistiken
Jahr Titel % Korrekt
1980 Freitag der 13.
100%
2009 Freitag der 13.
100%
1986 Freitag der 13. Teil VI – Jason lebt
63%
1993 Jason Goes to Hell – Die Endabrechnung
63%
2001 Jason X
63%
2003 Freddy vs. Jason
50%
1981 Freitag der 13. – Jason kehrt zurück
50%
1988 Freitag der 13. Teil VII – Jason im Blutrausch
50%
1984 Freitag der 13. – Das letzte Kapitel
38%
1985 Freitag der 13. – Ein neuer Anfang
38%
1989 Freitag der 13. Teil VIII – Todesfalle Manhattan
38%
1982 Und wieder ist Freitag der 13.
25%
Keine übereinstimmenden Quizze gefunden
Verteilung der Resultate
Anzahl Personen mit jedem Resultat
Perzentil nach korrekt beantworteten Fragen
Ihre Resultats-Entwicklung
Sie haben dieses Quiz noch nicht gespielt